La escuela y las relaciones sociales entre adolescentes /
El trabajo ve las relaciones sociales que establecen los estudiantes en el aula. En este sentido, remite a los procesos y los modos en que los adolescentes se seleccionan y clasifican entre sí, se buscan y se rechazan, se integran y se excluyen, momento en el que se ponen en juego prácticas y repres...
Guardado en:
| Hovedforfatter: | |
|---|---|
| Format: | Ukendt |
| Sprog: | Spanish |
| Fag: | |
| Tags: |
Tilføj Tag
Ingen Tags, Vær først til at tagge denne postø!
|
MARC
| LEADER | 00000 a2200000 04500 | ||
|---|---|---|---|
| 001 | 26090 | ||
| 003 | cru CIDCACS/IIS | ||
| 005 | 20210325141124.0 | ||
| 008 | 210325b ||||| |||| 00| 0 spa d | ||
| 040 | |c cru CRAI/IIS | ||
| 100 | 1 | |a Maldonado, María Mónica |9 9925 |e Autora | |
| 245 | 1 | 3 | |a La escuela y las relaciones sociales entre adolescentes / |c María Mónica Maldonado |
| 300 | |a páginas 401-418 | ||
| 520 | |a El trabajo ve las relaciones sociales que establecen los estudiantes en el aula. En este sentido, remite a los procesos y los modos en que los adolescentes se seleccionan y clasifican entre sí, se buscan y se rechazan, se integran y se excluyen, momento en el que se ponen en juego prácticas y representaciones sobre "el otro", en este caso sus pares, y sobre sí mismos.DOC/WMV | ||
| 650 | |a EDUCACION | ||
| 650 | |a RELACIONES HUMANAS | ||
| 650 | |a MEDIO ESCOLAR | ||
| 650 | |a RELACIONES ENTRE GRUPOS | ||
| 650 | |a ADOLESCENTES | ||
| 942 | |2 ddc |c LI | ||
| 999 | |c 9415 |d 9415 | ||
| 773 | 0 | |0 43626 |9 5231 |a Jornadas Internacionales de Investigación Social sobre Infancia y Adolescencia, la Convención de los derechos del Niño y las Prácticas Sociales. |d Córdoba, Argentina : UNICEF; Fundación Antorchas; Fundación INCIDE; Municipalidad de Córdoba ; Colegio de Profesionales de Trabajo Social de Córdoba ; Colegio de Escribanos de la Provincia de Cordoba, 2000 |o 21150 |t Ponencias / | |
